LEADER 00661nam0 2200229 450 001 000018945 005 20081106132206.0 100 $a20081106d1968----km-y0itay50------ba 101 0 $aeng 102 $aUS 105 $ay-------001yy 200 1 $aIntermediate economic statistics$fKarl A. Fox 210 $aNew York$cWiley$d1968 215 $aX, 568 p.$d24 cm 500 10$aIntermediate economic statistics$932779 676 $a330.0182$v19 700 1$aFox,$bKarl A.$033564 801 0$aIT$bUNIPARTHENOPE$c20081106$gRICA$2UNIMARC 912 $a000018945 951 $a213/16$b2544$cNAVA2 996 $aIntermediate economic statistics$932779 997 $aUNIPARTHENOPE LEADER 03921oam 2200673Ia 450 001 9910777516303321 005 20190503073339.0 010 $a0-262-29403-6 010 $a1-282-09719-9 010 $a9786612097195 010 $a0-262-27326-8 010 $a1-4294-7730-X 035 $a(CKB)1000000000461567 035 $a(EBL)3338515 035 $a(OCoLC)145463990 035 $a(SSID)ssj0000186879 035 $a(PQKBManifestationID)11169329 035 $a(PQKBTitleCode)TC0000186879 035 $a(PQKBWorkID)10238272 035 $a(PQKB)10739541 035 $a(MiAaPQ)EBC3338515 035 $a(OCoLC)145463990$z(OCoLC)191952647$z(OCoLC)473859924$z(OCoLC)605523662$z(OCoLC)607869006$z(OCoLC)614968219$z(OCoLC)722564417$z(OCoLC)728036958$z(OCoLC)743198161$z(OCoLC)756542490$z(OCoLC)815776380$z(OCoLC)961552590$z(OCoLC)962681984$z(OCoLC)974109286$z(OCoLC)981996153$z(OCoLC)982017572$z(OCoLC)988477611$z(OCoLC)991942419$z(OCoLC)991946723$z(OCoLC)1005638280$z(OCoLC)1018082496$z(OCoLC)1037499591$z(OCoLC)1037912372$z(OCoLC)1038634625$z(OCoLC)1041637493$z(OCoLC)1047679029$z(OCoLC)1055376620$z(OCoLC)1065034122$z(OCoLC)1081240012$z(OCoLC)1083599113$z(OCoLC)1096514580 035 $a(OCoLC-P)145463990 035 $a(MaCbMITP)4048 035 $a(Au-PeEL)EBL3338515 035 $a(CaPaEBR)ebr10173570 035 $a(CaONFJC)MIL209719 035 $a(EXLCZ)991000000000461567 100 $a20070625d2006 uy 0 101 0 $aeng 135 $aur|n|---||||| 181 $ctxt 182 $cc 183 $acr 200 04$aThe Kantian legacy in nineteenth-century science /$fMichael Friedman and Alfred Nordmann, editors 210 $aCambridge, Mass. $cMIT Press$d©2006 215 $a1 online resource (377 p.) 225 1 $aDibner Institute for the history of science and technology 300 $aDescription based upon print version of record. 311 $a0-262-06254-2 320 $aIncludes bibliographical references (p. [331]-358) and index. 327 $aI Editors' Introduction; II Kant and Naturphilosophie; III Nature Is the Poetry of Mind, or How Schelling Solved Goethe's Kantian Problems; IV Kant-Naturphilosophie-Electromagnetism; V Extending Kant:The Origins and Nature of Jakob Friedrich Fries's Philosophy of Science; VI Kant, Fries, and the Expanding Universe of Science; VII Kant, Helmholtz, and the Meaning of Empiricism; VIII Operationalizing Kant: Manifolds, Models, and Mathematics in Helmholtz's Theories of Perception; IX "The Fact of Science" and Critique of Knowledge: Exact Science as Problem and Resource in Marburg Neo-Kantianism 327 $aX Kantianism and Realism: Alois Riehl (and Moritz Schlick)XI Critical Realism, Critical Idealism, and Critical Common-Sensism: The School and World Philosophies of Riehl, Cohen, and Peirce; XII Poincare?'s Circularity Arguments for Mathematical Intuition; XIII Poincare?-Between Physics and Philosophy; XIV Images and Conventions: Kantianism, Empiricism, and Conventionalism in Hertz's and Poincare?'s Philosophies of Space and Mechanics; References; Contributors; Index 330 1 $a"Historians of philosophy, science, and mathematics explore the influence of Kant's philosophy on the evolution of modern scientific thought."--Jacket. 410 0$aDibner Institute studies in the history of science and technology. 606 $aScience$xPhilosophy$xHistory$y19th century 606 $aPhilosophy and science$xHistory$y19th century 610 $aCOMPUTER SCIENCE/Programming Languages 615 0$aScience$xPhilosophy$xHistory 615 0$aPhilosophy and science$xHistory 676 $a501 701 $aFriedman$b Michael$f1947-$0304524 701 $aNordmann$b Alfred$f1956-$061632 801 0$bOCoLC-P 801 1$bOCoLC-P 906 $aBOOK 912 $a9910777516303321 996 $aThe Kantian legacy in nineteenth-century science$93678200 997 $aUNINA LEADER 02200nam 22005533 450 001 996647827203316 005 20250512123245.0 010 $a1-04-077504-7 010 $a1-003-69072-6 010 $a1-04-078460-7 010 $a90-485-6872-2 010 $a90-485-6829-3 024 7 $a10.1515/9789048568291 035 $a(CKB)37607837700041 035 $a(MiAaPQ)EBC31953777 035 $a(Au-PeEL)EBL31953777 035 $a(DE-B1597)735401 035 $a(DE-B1597)9789048568291 035 $a(OCoLC)1500149609 035 $a(MdBmJHUP)musev2_133991 035 $a(EXLCZ)9937607837700041 100 $a20250313d2024 uy 0 101 0 $aeng 135 $aur||||||||||| 181 $ctxt$2rdacontent 182 $cc$2rdamedia 183 $acr$2rdacarrier 200 10$aAmsterdam Anatomy Lessons Dissected 205 $a1st ed. 210 1$aAmsterdam :$cAmsterdam University Press,$d2024. 210 4$d©2025. 215 $a1 online resource (0 pages) 311 08$a90-485-6828-5 327 $tFrontmatter -- $tContents -- $tIntroduction -- $t1 Sebastiaan Egbertszn [ 1 ] 1601?1603 -- $t2 Sebastiaan Egbertszn [ 2 ] 1619 -- $t3 Johan Fonteijn 1625?1626 -- $t4 Nicolaes Tulp 1632 -- $t5 Jan Deijman 1656 -- $t6 Fredrik Ruysch [ 1 ] 1670 -- $t7 Fredrik Ruysch [ 2 ] 1683 -- $t8 Willem Röell 1728 -- $t9 Petrus Camper 1758 -- $tPortraits of the Governors -- $tBibliography -- $tPicture Acknowledgements -- $tIndex -- $tAcknowledgements -- $tAbout the authors 330 $aIn the 'Anatomy lessons' that were painted for the Surgeons' Guild in Amsterdam, the surgeons portrayed, their teachers, the corpse and the dissection are described and discussed. 606 $aART / History / General$2bisacsh 608 $aElectronic books. 610 $aHistory of medicine, Art history, Anatomy, Surgery, Medical humanities. 615 7$aART / History / General. 676 $a700.4561 700 $aIJpma$b Frank$01790954 701 $aGulik$b Thomas van$01790955 801 0$bMiAaPQ 801 1$bMiAaPQ 801 2$bMiAaPQ 906 $aBOOK 912 $a996647827203316 996 $aAmsterdam Anatomy Lessons Dissected$94327802 997 $aUNISA